| 000 | 01334cam a22003615a 4500 | ||
|---|---|---|---|
| 001 | 013045699 | ||
| 003 | EG-ScBUE | ||
| 005 | 20220313124420.0 | ||
| 008 | 041029s2005 enka f b 001 0 eng d | ||
| 020 | _a0415345456 (pbk.) | ||
| 040 |
_aEG-ScBUE _beng _erda _cEG-ScBUE _dEG-ScBUE |
||
| 041 | 1 |
_aeng _hfre |
|
| 082 | 0 | 4 |
_a844.914 _222 _bCIX |
| 100 | 1 |
_aCixous, Hélène, _d1937- _eauthor. _939726 |
|
| 240 | 1 | 0 |
_aEssays. _kSelections. _lEnglish |
| 245 | 1 | 0 |
_aStigmata : _bescaping texts / _cHélène Cixous ; with a foreword by Jacques Derrida and a new preface by the author. |
| 264 | 1 |
_aLondon ; _aNew York : _bRoutledge, _c2005. |
|
| 300 |
_axvi, 278 pages : _billustrations ; _c20 cm. |
||
| 336 |
_2rdacontent _atext _btxt |
||
| 337 |
_2rdamedia _aunmediated _bn |
||
| 338 |
_2rdacarrier _avolume _bnc |
||
| 490 | 0 | _aRoutledge classics. | |
| 504 | _aIncludes bibliographical references and index. | ||
| 546 | _aText in English ; translated from original French. | ||
| 600 | 1 | 7 |
_aCixous, Hélène, _d1937- _vTranslations into English. _939729 |
| 650 | 7 |
_aFrench literature. _y20th century. _2BUEsh _939727 |
|
| 650 | 7 |
_939728 _aStigmatization. _2BUEsh |
|
| 651 | _2BUEsh | ||
| 653 |
_cApril2016 _bHHUUEENN |
||
| 655 |
_vReading book _934232 |
||
| 700 | 1 |
_aDerrida, Jacques, _eauthor of introduction, etc. _937218 |
|
| 942 |
_2ddc _cBB |
||
| 999 |
_c21555 _d21527 |
||